01011nam a2200241 a 4500001001000000003000500010005001700015008004100032010001100073011001100084040000900095100003500104245022500139260004000364500006000404502009800464650002700562650003500589650002500624650002400649650002600673856007000699000113557CHAP20220329144401.0170803s2017 mx sm |||||||spa d a110018 a110990 cCHAP1 aHernández Alarcón, Marcela10aHuella hídrica y productividad del suelo, capital y trabajo en el cultivo de nogal (Carya illinoensis) en Gómez Palacio, Durango versus nogal (Carya illinoensis) DR017h[En línea]cpor Marcela Herández Alarcón. aDurango, Méx. :bEl autor,c2017. aPara ver el contenido del material haga clic en la liga aTesis (Ing. en Sistemas Agrícolas) -- UACH. Unidad Regional Universitaria de Zonas Áridas14aNogalxAgua requerida.14aNogalxCostos de producción.14aNogalxIrrigación.14aNogalxRendimiento.14aSuelosxProducción. aFinding aiduhttp://10.13.5.2/tesis/sist113557.pdfzTeclea aquí